000 00278nam a2200121Ia 4500
008 190216s9999||||xx |||||||||||||| ||und||
100 _aAsha Kavi
245 0 _aHindi-Vijithra Prathab Jagath
260 _bShani Pusthaka Mandir
300 _a79
650 _aHindi
942 _cBK
999 _c16324
_d16324